MDQL
is popping MORE tags! Check the
thread
!
Quizzes
Events
Quiz Creation
Community
Videos
Private Events
Remove Ads
Sign In
Join for FREE
Feedback
Dark Mode
Quiz Categories
Sports
Geography
Music
Movies
Television
Just For Fun
Miscellaneous
History
Literature
Language
Science
Gaming
Entertainment
Religion
Holiday
For Kids
Quiz Lab
Recent
Popular Today
Quiz Kudos Today
Editor Picks
Curator Picks
Quizzes by...
Day
Popularity
Type
Ratings
Length
Year
Community
Subscriptions
Recent Discussions
Orange Saloon
Badges
Playlists
Quests
Create
Leaderboards
Showdown
Live 5
Trivia Bingo
Activity
Puzzle Library
Sporcle Events
Private Events
Virtual Trivia
Globe League
Become a Host
Pub Owners
SporcleCon
Opinionation
Our Games
Videos
Blog
Mobile Apps
Partnerships
Remove Ads and Go Orange
Feedback
Movies
Disney
Marvel Cinematic Universe
Movie Resume
Movie Titles
Oscar
Actor
Actress
Director
Pixar
Role
Movie Quotes
Movie Characters
Box Office
Nominee
Best Picture
Star Wars
James Bond
Horror Movies
Movies
Disney
Marvel Cinematic Universe
Movie Resume
Movie Titles
Oscar
Actor
Actress
Director
Pixar
Role
Movie Quotes
Movie Characters
Box Office
Nominee
Best Picture
Star Wars
James Bond
Horror Movies
Random Quiz
Search Sporcle
×
Quiz Lab
Quiz Lab
Movies
Numbers
Type in answers that appear in a list
Type in answers that appear in a list
Classic
Best Score? Go Orange.
300 quotes Stats
Can you name the quotes from the film 300?
By
jaytothevizzle
6m
20 Questions
307 Plays
307 Plays
307 Plays
Comments
Comments
Give Quiz Kudos
Give Quiz Kudos
-
- Ratings
hide this ad
Replay
Link that replays current quiz
Next Quiz
Link to next quiz in quiz playlist
You Got
0%
They Got
Avg Score
46%
Avg Friend Score
Upgrade to see
Score Distribution
Jump to the score distribution portion of the page
Score
0/20
Timer
06:00
0
Plays Today
Quote
Quote
% Correct
Madness?
THIS IS SPARTA!!
91.5%
Give them nothing! But take from them...
everything
87.3%
Spartans! Ready your breakfast and eat hearty, for tonight...
we dine in hell
75.9%
A thousand nations of the Persian empire descend upon you. Our arrows will blot out the sun!
Then we will fight in the shade
68.4%
All the God-
King Xerxes requires is this: a simple offering of...
earth and water
67.8%
This is where we hold them! This is where we fight!
This is where they die!
59%
This will not be over quickly. You will not enjoy this. I am not...
your queen
55.4%
You have many slaves, Xerxes, but few warriors. It won't be long before they fear my spears more than...
your whips
50.5%
What makes this woman think she can speak among men?
Because only Spartan women give birth to real men
48.5%
Our ancestors built this wall using ancient stones from the bosom of Greece herself. And with a little Spartan help your scouts...
supplied the mortar
46.6%
Quote
Quote
% Correct
Immortals...
we put their name to the test
40.4%
Remember this day, men. For it will be yours...
for all time
35.5%
It's an honour to die at your side!
It's an honour to have lived at yours
35.5%
Spartans! What is your profession?
Haroo! Haroo! Haroo!
32.6%
And a man who fancies himself a god feels a very human chill...
crawl up his spine
30.3%
There will be no glory in your sacrifice! I will erase even the memory of Sparta...
from the histories
30%
You Greeks take pride in your logic. I suggest you...
employ it
28.3%
A new age has begun: an age of freedom! And all will know that 300 Spartans gave their life...
to defend it
24.4%
But the, uh, the idea of kneeling, it's... You see, slaughtering all those men of yours has, uh, well it's left a nasty cramp in my leg, so kneeling...
will be hard for me
19.9%
The enemy outnumber us a paltry three to one, good odds for any Greek. This day we rescue a world from mysticism and tyranny and usher in a future brighter than...
anything we can imagine
5.2%
Quiz Playlist
Details
Report
Send in Message
Add To Playlist
Classic:
Type in answers that appear in a list
Quiz Source
Last Updated: Feb 16, 2017
Quiz Scoreboard
CHALLENGE
Sign Up to Join the Scoreboard
Show All
Scores
Hide
Comments
May contain spoilers
Recently Published
Holiday 10x10 Sorting Gallery
by lukepisani3
Holiday
15m
Two Season TV Shows II
by 123Four
Television
10m
Image Sorting: Flags VI
by Barbecue
Geography
2m
More to Explore
Quiz From the Vault
Featured Blog Post
14 Easter Pick-up Lines to Find Eggs With
hide this ad
You Might Also Like...
Tags
Numbers Quiz
Quote Quiz
300
Speaker
Today's Top Quizzes in Movies
Browse Movies
hide this ad
Today's Top Quizzes in Numbers
Browse Numbers
Top Contributed Quizzes in Movies
1
The ultimate James Bond movie quiz
2
Find The 'Big' Movie
3
Find The 'Wild' Movie
4
Find The 'Blue' Movie
5
Movies By Plot
6
Hidden Star Wars Character II
7
25 Best Actor Nominees (1990s)
8
Hidden Star Wars Character III
9
😉 2024 Oscar Nominees by Emoji
10
Hidden Star Wars Character IV
Explore More
Trending Topics
Marvel
Anime
Disney
Crossword
Harry Potter
Kpop
NBA
Soccer
NFL
The Office
Song
Country
Puzzle
WWE
Pokémon
hide this ad
More By:
jaytothevizzle
Quiz
Plays
Rating
Category
Featured
Created
Famous Political Philosophers
20,436
4.07
History
Dec 23, 2009
Kanto Gym Leader/Elite Four Pokemon
18,089
4.46
Gaming
Dec 24, 2009
Guess the Lyrics number 1 million
2,898
4.18
Music
Dec 19, 2009
300 quotes
307
5.00
Movies
Nov 22, 2010
Premier League by Attendance
228
4.75
Sports
Dec 23, 2009
Go to Creator's Profile
Score Distribution
Quiz Creator Spotlight
jaytothevizzle
Follow
Send a Message
Quizzes Created
-
Created Quiz Play Count
-
More By This Creator
Popular Quizzes Today
1
Find the US States - No Outlines Minefield
2
Colored Red Africa Blitz
3
Find the 'City' Movie
4
The Countries of the World
5
5x2 Blitz: Bands
6
Find the Countries of Europe - No Outlines Minefield
7
Find the US States
8
US States
More Movies Quizzes
Actors in 1969 Movie Posters
Quiz Lab
Trending Quizzes
Colored Red Europe Blitz I
Colored Red Europe Blitz II
Colored Red Africa Blitz II
Even More Two Season TV Shows
Colored Red Africa Blitz III
Recently Updated
Odd Team Out - Big 4 Players
pecheneg
Quick Pick: 20 Twenties
pecheneg
March Madness Men's Triple Doubles
pecheneg
How Do You Spell That?
pecheneg
Godzilla Movies
pecheneg
Grab Bag: 4-10 Letters
pecheneg
2024 March Madness Bracket
pecheneg
Famous TV Couples
Peacemaker
Champions League XIs: Real Madrid
pecheneg
Largest US Cities 1790-2010
pecheneg
Trending Topics
NBA
Disney
Crossword
Anime
Harry Potter
Kpop
Marvel
Song
Puzzle
NFL
Soccer
WWE
The Office
Pokémon
Country
Your Account Isn't Verified!
In order to create a playlist on Sporcle, you need to verify the email address you used during registration. Go to your
Sporcle Settings
to finish the process.
Report this User
Report this user for behavior that violates our
Community Guidelines
.
Details:
Send Report
Go to the Sporcle.com Mobile Site →
Comments